| 000 | 00839nas a2200265Ia 4500 | ||
|---|---|---|---|
| 001 | A50/R096-7448 [r000004653] | ||
| 003 | IT-MiCISF | ||
| 008 | 161014c99999999xx |||||||||||| ||und|| | ||
| 040 |
_aIT-MiCISF _cIT-MiCISF |
||
| 041 | _aITALIANO | ||
| 100 | _aRatzinger Joseph | ||
| 210 | _aIl regno. Documenti | ||
| 222 | _aIl regno. Documenti | ||
| 245 | 0 | _aIl problema delle minacce alla vita umana | |
| 250 | _a1a ed. | ||
| 260 | _c1991 | ||
| 501 |
_bCISF - Centro Internazionale Studi Famiglia - Via Giotto, 36 20145 MILANO (non commercial uses only) _cCopyright 2016 |
||
| 300 | _app. 352-355 | ||
| 362 | _an. 11, 1 giugno [1991] | ||
| 500 | _a Tema: diritto-alla-vita, bibbia, senso-della-vita, persona, antropologia | ||
| 650 |
_apersona _varticolo |
||
| 700 | _aAA.VV. | ||
| 942 | _cCR | ||
| 957 | _71 | ||
| 999 |
_a7448 _bSi _g1 _c227599 _d227599 |
||